000 01083nam a2200313 c 4500
003 BLK
005 20190109122448.0
008 180408b bul|||||r ||||||| ||bul||
010 _aKNG00098551000
020 _a978-954-597-322-2
_bиздат.: Фама
040 _aBLK
041 _aBUL
_cBUL
072 7 _2bullib
_aН84
_xБългарска художествена литература Н
080 _aБългарска литература
_b821.163.2
_x-31
_z821.163.2-31
100 1 _aСтоянов, Милен
_eпърви автор
_9305590
139 _aСтоянов, Милен
_bС 83
245 1 0 _aДебют на черния кон
_bРоман
_cМилен Стоянов.
257 _aBGR
260 София
_bФама
_c2008
_fСофия : Симолини
300 _a192 с.
_c20 см
380 _aX
490 1 _aНова българска проза
659 _aН
852 _aЦб 250195
856 4 _qpdf
_u
856 4 _qpdf
_u
942 _cKNG
_n0
_01
944 _aCR
_c08.12.2010
_lф /
_kГеновева_Генчева
944 _aED
_c11.12.2010
_lф /
_k
999 _c93741
_d93741